| 000 | 00454nam a2200169Ia 4500 | ||
|---|---|---|---|
| 008 | 230917s9999||||xx |||||||||||||| ||und|| | ||
| 020 | _cRS489 | ||
| 040 |
_e237950 _aMAIN |
||
| 041 | _aEnglish | ||
| 082 | _a005.1 J219P | ||
| 100 | _aJalote, Pankaj | ||
| 245 | 0 | _aSoftware engineering: A precise approach | |
| 260 |
_aNew Delhi _bWiley India _c2015 |
||
| 300 | _axi, 301 p. | ||
| 500 | _a2609 13/02/2017 KB17/389 22/02/2017 Main Budget | ||
| 942 | _cBK | ||
| 999 |
_c21440 _d21440 |
||